<?xml version="1.0" encoding="UTF-8"?>
<collection xmlns="http://www.loc.gov/MARC21/slim">
 <record>
  <leader>01204cam a22003132 a4500</leader>
  <controlfield tag="001">487408764</controlfield>
  <controlfield tag="003">DE-627</controlfield>
  <controlfield tag="005">20220210131808.0</controlfield>
  <controlfield tag="007">tu</controlfield>
  <controlfield tag="008">050525m19671967xxu|||||      00| ||eng c</controlfield>
  <datafield tag="035" ind1=" " ind2=" ">
   <subfield code="a">(DE-627)487408764</subfield>
  </datafield>
  <datafield tag="035" ind1=" " ind2=" ">
   <subfield code="a">(DE-576)9487408762</subfield>
  </datafield>
  <datafield tag="035" ind1=" " ind2=" ">
   <subfield code="a">(DE-599)GBV487408764</subfield>
  </datafield>
  <datafield tag="040" ind1=" " ind2=" ">
   <subfield code="a">DE-627</subfield>
   <subfield code="b">ger</subfield>
   <subfield code="c">DE-627</subfield>
   <subfield code="e">rakwb</subfield>
  </datafield>
  <datafield tag="041" ind1=" " ind2=" ">
   <subfield code="a">eng</subfield>
   <subfield code="a">ger</subfield>
  </datafield>
  <datafield tag="044" ind1=" " ind2=" ">
   <subfield code="c">XD-US</subfield>
  </datafield>
  <datafield tag="100" ind1="1" ind2=" ">
   <subfield code="a">Schiele, Egon</subfield>
   <subfield code="d">1890-1918</subfield>
   <subfield code="0">(DE-588)118607499</subfield>
   <subfield code="0">(DE-627)227537556</subfield>
   <subfield code="0">(DE-576)162905696</subfield>
   <subfield code="4">aut</subfield>
  </datafield>
  <datafield tag="245" ind1="1" ind2="2">
   <subfield code="a">A sketchbook by Egon Schiele</subfield>
   <subfield code="b"> = Ein Skizzenbuch von Egon Schiele</subfield>
   <subfield code="c">commentary by Otto Kallir</subfield>
  </datafield>
  <datafield tag="246" ind1="3" ind2="1">
   <subfield code="a">Ein Skizzenbuch von Egon Schiele</subfield>
  </datafield>
  <datafield tag="264" ind1=" " ind2="1">
   <subfield code="a">New York, NY</subfield>
   <subfield code="b">Johannes Press</subfield>
   <subfield code="c">1967</subfield>
  </datafield>
  <datafield tag="336" ind1=" " ind2=" ">
   <subfield code="a">Text</subfield>
   <subfield code="b">txt</subfield>
   <subfield code="2">rdacontent</subfield>
  </datafield>
  <datafield tag="337" ind1=" " ind2=" ">
   <subfield code="a">ohne Hilfsmittel zu benutzen</subfield>
   <subfield code="b">n</subfield>
   <subfield code="2">rdamedia</subfield>
  </datafield>
  <datafield tag="338" ind1=" " ind2=" ">
   <subfield code="a">Band</subfield>
   <subfield code="b">nc</subfield>
   <subfield code="2">rdacarrier</subfield>
  </datafield>
  <datafield tag="546" ind1=" " ind2=" ">
   <subfield code="a">Text dt. und engl.</subfield>
  </datafield>
  <datafield tag="700" ind1="1" ind2=" ">
   <subfield code="a">Kallir, Otto</subfield>
   <subfield code="d">1894-1978</subfield>
   <subfield code="0">(DE-588)116032448</subfield>
   <subfield code="0">(DE-627)077564464</subfield>
   <subfield code="0">(DE-576)161639852</subfield>
   <subfield code="4">oth</subfield>
  </datafield>
  <datafield tag="787" ind1="0" ind2="8">
   <subfield code="i">Rezensiert in</subfield>
   <subfield code="a">Novotny, Fritz, 1903 - 1983</subfield>
   <subfield code="t">[Rezension von: Otto Kallir, A sketchbook by Egon Schiele]</subfield>
   <subfield code="d">Nürnberg : Carl, 1968</subfield>
   <subfield code="w">(DE-627)1691568325</subfield>
  </datafield>
  <datafield tag="951" ind1=" " ind2=" ">
   <subfield code="a">MC</subfield>
  </datafield>
  <datafield tag="991" ind1=" " ind2=" ">
   <subfield code="a">Rezensiertes Werk</subfield>
  </datafield>
  <datafield tag="999" ind1=" " ind2=" ">
   <subfield code="a">KXP-PPN487408764</subfield>
   <subfield code="e">4060441457</subfield>
  </datafield>
 </record>
</collection>
